书目信息 |
| 题名: |
纳税
|
|
| 作者: | 王京 , 顾小波 , 张树学 著 | |
| 分册: | ||
| 出版信息: | 北京 中国青年出版社 |
|
| 页数: | 75页 | |
| 开本: | 20cm | |
| 丛书名: | 改革与发展丛书 | |
| 单 册: | ||
| 中图分类: | F812.42 | |
| 科图分类: | ||
| 主题词: | 财政 | |
| 电子资源: | ||
| ISBN: | 7-5006-0137-9 | |
| 000 | 00755nam0 2200253 45 | |
| 001 | 0404300835 | |
| 005 | 20040430083652.5 | |
| 010 | @a7-5006-0137-9@dCNY0.55 | |
| 100 | @a20040430d km y0chiy0120 ea | |
| 101 | 0 | @achi |
| 105 | @a z 000yy | |
| 200 | 1 | @a纳税@ANa Shui@e义务·程序·罚则@EYi Wu·Cheng Xu·Fa Ze@f王京,顾小波,张树学等著@FWang Jing,Gu Xiao Bo,Zhang Shu Xue Deng Zhu |
| 210 | @a北京@c中国青年出版社 | |
| 215 | @a75页@d20cm | |
| 225 | @a改革与发展丛书 | |
| 410 | @12001 @a改革与发展丛书 | |
| 517 | @a义务·程序·罚则@AYi Wu·Cheng Xu·Fa Ze | |
| 606 | 0 | @a财政 |
| 690 | @aF812.42@v3 | |
| 701 | 0 | @a王京@4著 |
| 701 | 0 | @a顾小波@4著 |
| 701 | 0 | @a张树学@4著 |
| 801 | @aCN@bPftUser@c20040430 | |
| 905 | @f1@b260438@dF812.42@e22 | |
| 纳税:义务·程序·罚则/王京,顾小波,张树学等著.-北京:中国青年出版社 |
| 75页;20cm.-(改革与发展丛书) |
| ISBN 7-5006-0137-9:CNY0.55 |
| ● |
| 相关链接 |
|
|
|
|
正题名:纳税
索取号:F812.42/22
 
预约/预借
| 序号 | 登录号 | 条形码 | 馆藏地/架位号 | 状态 | 备注 |
| 1 | 0260437 | 000490659 | 第一样本阅览室/ [索取号:F812.42/22] | 在馆 | |
| 2 | 0260438 | 000490640 | 第一借阅区/ [索取号:F812.42/22] | 在馆 |